Podi World League di pallavolo - Statistics

Statistiche generali
  • Questo quiz è stato fatto 16 volte
  • Il punteggio medio è 9 su 10
Statistiche sulle risposte
Continente Totale podi Primo posto Secondo posto Terzo posto Nazionale % Corretto
America del Nord 1 0 0 1 Canada
100%
Europa 4 2 1 1 Francia
100%
Europa 15 8 3 4 Italia
100%
America del Sud 20 9 7 4 Brasile
92%
Europa 2 0 0 1 Polonia
92%
America del Nord 6 2 1 3 Stati Uniti
92%
America del Nord 9 1 5 3 Cuba
83%
Asia 15 3 5 7 Unione Sovietica / Russia
83%
Europa 9 1 5 3 Jugoslavia / Serbia
75%
Europa 3 1 1 1 Paesi Bassi
75%
Nessun quiz corrispondente trovato
Distribuzione punteggi
Percentuale di utenti per punteggio
Percentile per numero di risposta
I tuoi punteggi nel tempo
Non hai fatto questo quiz